000 00539nam a2200145Ia 4500
008 151213s9999 xx 000 0 und d
100 _aদিলওয়ার হোসেন।
245 _aদোলাইত বৃক্ষের সবুজে।
_cদিলওয়ার হোসেন।
260 _aঢাকা
_bর‌্যামন পাবলিশার্স।
_c2002
300 _a8835 p.
650 _aBangla
650 _aকবিতা
700 _aদিলওয়ার হোসেন।
999 _c4620
_d4620